"Diet Mountain Dew" - All Lyrics (Lana Del Rey) - Statistics

General Stats
  • This quiz has been taken 49 times
  • The average score is 491 of 564
Answer Stats
Lyrics % Correct
Baby,
100%
baby,
100%
Baby
100%
(Baby,
100%
I
100%
me
100%
me,
100%
me)
100%
you,
100%
you
100%
so
97%
a
95%
Dew,
95%
Diet
95%
Do
95%
for
95%
girl
95%
in
95%
love
95%
love?
95%
no
95%
we
95%
We
95%
be
92%
City
92%
forever?
92%
Mountain
92%
New
92%
pretty
92%
the
92%
think
92%
York
92%
good
89%
want
89%
want)
89%
we'll
89%
your
89%
You're
89%
you're
89%
(You're
89%
Never
87%
ever
84%
it
84%
on
84%
to
84%
was
84%
But,
82%
(But,
82%
and
79%
like
79%
take
79%
Take
79%
there
79%
There
79%
this
79%
down
76%
gonna
76%
up
76%
Can
74%
we're
74%
high
71%
Maybe
71%
off
71%
all
68%
coaster
68%
heart
68%
just
68%
ride
68%
roller
68%
sunglasses
68%
what
68%
could
66%
Got
66%
his
66%
keeps
66%
mind
66%
Say
66%
shaped
66%
too
66%
Cause
63%
eye
63%
here
63%
he's
63%
I'm
63%
it's
63%
Jesus
63%
Let's
63%
many
63%
night
63%
not
63%
put
63%
alright
61%
dashboard
61%
enough
61%
fast
61%
know
61%
sparkle
61%
times
61%
another
58%
been
58%
closer
58%
is
58%
Ready
58%
says
58%
Says
58%
ashes
55%
both
55%
gritty?
55%
listen
55%
now
55%
teach
55%
past
53%
brings
50%
low
47%
Saved
47%
turn
47%
drag,
45%
waitin'
45%
at
42%
7-Eleven
39%
lie?
39%
speed,
39%
Heaven
32%
hit
32%
white
32%
stoppin'
29%
Pontiac
21%
No matching quizzes found
Score Distribution
Percent of People with Each Score
Percentile by Number Answered
Your Score History
You have not taken this quiz